000 00250nam a2200097Ia 4500
001 1300296
005 20260420095901.0
008 260420s9999 xx 000 0 und d
245 0 _aBALONLA BEŞ HAFTA
_cJULES VERNE
260 _bTİMAŞ ÇOCUK YAYINLARI
999 _c1300296
_d1300296